LEADER 01277cam2 22002531 450 001 SOBE00039204 005 20140120091409.0 100 $a20140120d1942 |||||ita|0103 ba 101 $afre 102 $aFR 200 1 $a<<1:>>Mélite. Clitandre. La veuve. La galerie du palais. La suivante. La place royale. Médée. L'illusion. Le Cid. Horace. Cinna$f[Corneille] 210 $aParis$cGarnier$d1942 215 $aXXI, 802 p.$d19 cm 461 1$1001SOBE00039202$12001 $aThéatre complet de Corneille ; texte établi sur l'édition de 1682 avec les principales variantes, une introduction, des notices, des notes et un glossaire par Maurice Rat 700 1$aCorneille$b, Pierre$3AF00007864$4070$0131516 801 0$aIT$bUNISOB$c20140120$gRICA 850 $aUNISOB 852 $aUNISOB$j3|B$m12341|ort 912 $aSOBE00039204 940 $aM 102 Monografia moderna SBN 941 $aM 957 $xFondo|Ortolani$a3|B$b004$i-29.1$fmodalità di consultazione sulla home page della Biblioteca link Fondi$gNO$d12341|ort$hOrtolaniS$rdono$1calvano123$2UNISOB$3UNISOB$420140120085054.0$520140120091215.0$6calvano123 996 $aMélite. Clitandre. La veuve. La galerie du palais. La suivante. La place royale. Médée. L'illusion. Le Cid. Horace. Cinna$91713189 997 $aUNISOB LEADER 01062nam0 22002771i 450 001 UON00073166 005 20231205102358.726 010 $a08-16-50868-2 100 $a20020107d1985 |0itac50 ba 101 $aeng 102 $aUS 105 $a|||| ||||| 200 1 $aApproaches to Islam in religious studies$fRichard C. Martin 210 $aTucson$cUniversity of Arizona Press$dc.1985 215 $axiii, 243 p.$d24 cm 606 $aISLAM$xStudio e insegnamento$xCongressi$3UONC022057$2FI 620 $dTucson$3UONL000064 676 $a297.07$cISLAM - Studio e insegnamento$v21 702 1$aMARTIN$bRichard C.$3UONV048059 712 $aUniversity of Arizona$3UONV247396$4650 801 $aIT$bSOL$c20240220$gRICA 899 $aSIBA - SISTEMA BIBLIOTECARIO DI ATENEO$2UONSI 912 $aUON00073166 950 $aSIBA - SISTEMA BIBLIOTECARIO DI ATENEO$dSI VO Afr VII A 028 $eSI AA 16062 5 028 996 $aApproaches to Islam in religious studies$91165047 997 $aUNIOR